Spieler, die Kim Huybrechts bei der Darts WM besiegten - Statistiken

Allgemein
  • Dieses Quiz wurde 72 mal gespielt
    10 seit der letzten Aktualisierung
  • Das Durchschnittsergebnis liegt bei 8 aus 15
Antwortstatistiken
Jahr Runde Nationalität Spieler % Korrekt
2026 1. Runde Deutschland Arno Merk
100%
2022 3. Runde Wales Gerwyn Price
100%
2023 Achtelfinale Belgien Dimitri Van den Bergh
86%
2015 Achtelfinale England Phil Taylor
86%
2017 Achtelfinale England Phil Taylor
86%
2025 1. Runde Irland Keane Barry
71%
2012 Viertelfinale England Andy Hamilton
43%
2019 3. Runde England Dave Chisnall
43%
2020 Achtelfinale England Luke Humphries
43%
2021 3. Runde England Ryan Searle
43%
2014 2. Runde England Ian White
29%
2024 2. Runde Niederlande Richard Veenstra
29%
2016 1. Runde England David Pallett
0%
2018 1. Runde England James Richardson
0%
2013 1. Runde England Scott Rand
0%
Keine übereinstimmenden Quizze gefunden
Verteilung der Resultate
Anzahl Personen mit jedem Resultat
Perzentil nach korrekt beantworteten Fragen
Ihre Resultats-Entwicklung
Sie haben dieses Quiz seit der letzten Aktualisierung nicht gespielt